000 00663cam a22002413a 4500
001 17831
003 PGUSA
005 20140828083359.0
008 060222s2006||||xxu|||||s|||||000 1 eng d
040 _aPGUSA
_beng
042 _adc
050 4 _aPQ
100 1 _aZola, Émile,
_d1840-1902
245 1 0 _aLa débâcle
_h[electronic resource] /
_cÉmile Zola
260 _bProject Gutenberg,
_c2006
506 _aPublic domain in the USA.
516 _aElectronic text
653 _aWar stories
653 _aFranco-Prussian War, 1870-1871 -- Fiction
830 0 _aProject Gutenberg
_v17831
856 4 0 _uhttp://www.gutenberg.org/ebooks/17831
942 _cEB
999 _c247086
_d247086